Countries Closest to Iran - Statistics

General Stats
  • This quiz has been taken 293 times
  • The average score is 24 of 27
Answer Stats
Hint Answer % Correct
0km Iraq
100%
0km Pakistan
95%
0km Turkey
95%
55km Oman
94%
170km Saudi Arabia
94%
0km Armenia
93%
20km Kuwait
93%
0km Afghanistan
92%
630km India
92%
230km Syria
92%
0km Turkmenistan
92%
920km Israel
91%
180km Russia
91%
625km Jordan
90%
905km Yemen
90%
0km Azerbaijan
89%
175km Georgia
89%
200km Qatar
89%
350km Uzbekistan
88%
210km Bahrain
85%
70km UAE
85%
810km Lebanon
83%
620km Tajikistan
83%
360km Kazakhstan
76%
910km Cyprus
68%
835km Kyrgyzstan
68%
900km Ukraine
59%
No matching quizzes found
Score Distribution
Percent of People with Each Score
Percentile by Number Answered
Your Score History
You have not taken this quiz